000 00321nam a2200133Ia 4500
005 20251222155141.0
008 251222s9999||||xx |||||||||||||| ||spa||
082 _aANT.51
100 _aMONGE Miguel Angel.
245 0 _aMedicina Pastoral cuestiones de biologĂ­a
250 _a3ra. ed.
264 _bEusa
942 _cLIB
999 _c39204
_d39204